书目信息 |
| 题名: |
自动扶梯原理设计与维修
|
|
| 作者: | 胡立峰 主编 | |
| 分册: | ||
| 出版信息: | 北京 机械工作出版社 1999.03 |
|
| 页数: | 138页 | |
| 开本: | 26cm | |
| 丛书名: | ||
| 单 册: | ||
| 中图分类: | TH236 | |
| 科图分类: | ||
| 主题词: | 起重机械 , 运输机械 | |
| 电子资源: | ||
| ISBN: | ||
| 000 | 00576nam0 2200205 450 | |
| 001 | 0635869237 | |
| 005 | 20060330095749.23 | |
| 010 | @dCNY16.00 | |
| 100 | @a20060330d1999 km y0chiy0120 ea | |
| 101 | 0 | @achi |
| 102 | @aCN@b110000 | |
| 200 | 1 | @a自动扶梯原理设计与维修@Azi dong fu ti yuan li she ji yu wei xiu@f胡立峰主编@Fhu li feng zhu bian |
| 210 | @a北京@c机械工作出版社@d1999.03 | |
| 215 | @a138页@d26cm | |
| 606 | 0 | @a起重机械 |
| 606 | 0 | @a运输机械 |
| 690 | @aTH236@v3 | |
| 701 | 0 | @a胡立峰@Ahu li feng@4主编 |
| 801 | 0 | @aCN@bPFT@c20060330 |
| 905 | @a10447@dTH236@eH245 | |
| 自动扶梯原理设计与维修/胡立峰主编.-北京:机械工作出版社,1999.03 |
| 138页;26cm |
| ISBN :CNY16.00 |
| ● |
| 相关链接 |
|
|
|
正题名:自动扶梯原理设计与维修
索取号:TH236/H245
 
预约/预借
| 序号 | 登录号 | 条形码 | 馆藏地/架位号 | 状态 | 备注 |
| 1 | 63378 | 200633788 | 自科库501/501自科库 135排2列2层/ [索取号:TH236/H245] | 在馆 | |
| 2 | 63379 | 200633797 | 期刊室512/501自科库 135排2列1层/ [索取号:TH236/H245] | 在馆 | |
| 3 | 63380 | 200633804 | 期刊室512/501自科库 135排2列1层/ [索取号:TH236/H245] | 在馆 | |
| 4 | 63381 | 200633813 | 自科库501/501自科库 135排2列2层/ [索取号:TH236/H245] | 在馆 | |
| 5 | 63382 | 200633822 | 期刊室512/501自科库 135排2列1层/ [索取号:TH236/H245] | 在馆 |